Rice improvement in east Pakistan / (Record no. 4516)
[ view plain ]
| 000 -LEADER | |
|---|---|
| fixed length control field | 00583nam a22002177a 4500 |
| 001 - CONTROL NUMBER | |
| control field | BD-DhSAU 4516 |
| 003 - CONTROL NUMBER IDENTIFIER | |
| control field | BD-DhSAU |
| 005 - DATE AND TIME OF LATEST TRANSACTION | |
| control field | 20150223105951.0 |
| 008 - FIXED-LENGTH DATA ELEMENTS--GENERAL INFORMATION | |
| fixed length control field | 150223b1968 bg ||||| |||| 00| 0 eng d |
| 040 ## - CATALOGING SOURCE | |
| Original cataloging agency | BD-DhSAU |
| 082 ## - DEWEY DECIMAL CLASSIFICATION NUMBER | |
| Edition number | 22 |
| Classification number | 633.18 |
| Item number | ALR |
| 100 ## - MAIN ENTRY--PERSONAL NAME | |
| Personal name | Alim, A. |
| 245 ## - TITLE STATEMENT | |
| Title | Rice improvement in east Pakistan / |
| Statement of responsibility, etc. | A. Alim |
| 260 ## - PUBLICATION, DISTRIBUTION, ETC. (IMPRINT) | |
| Place of publication, distribution, etc. | Dhaka : |
| Name of publisher, distributor, etc. | East Pakistan Government Press , |
| Date of publication, distribution, etc. | c1968. |
| 300 ## - PHYSICAL DESCRIPTION | |
| Extent | iii, 135 p. : |
| Dimensions | 25 cm. |
| 504 ## - BIBLIOGRAPHY, ETC. NOTE | |
| Bibliography, etc | Includes bibliographical references. |
| 590 ## - Name of Cataloguer | |
| Name of Cataloger | Jerin |
| 650 ## - SUBJECT ADDED ENTRY--TOPICAL TERM | |
| Topical term or geographic name as entry element | Rice improvement |
| 650 ## - SUBJECT ADDED ENTRY--TOPICAL TERM | |
| Topical term or geographic name as entry element | Rice |
| 651 ## - SUBJECT ADDED ENTRY--GEOGRAPHIC NAME | |
| Geographic name | Pakistan |
| 942 ## - ADDED ENTRY ELEMENTS (KOHA) | |
| Source of classification or shelving scheme | Dewey Decimal Classification |
| Koha item type | Book |
| Withdrawn status | Lost status | Source of classification or shelving scheme | Damaged status | Not for loan | Home library | Branch Name | Shelving location | Date acquired | Total Checkouts | Full call number | Barcode | Date last seen | Price effective from | Koha item type | Collection code |
|---|---|---|---|---|---|---|---|---|---|---|---|---|---|---|---|
| Dewey Decimal Classification | SAU Library | SAU Library | General Stacks | 23/02/2015 | 633.18 ALR | 762x | 23/02/2015 | 23/02/2015 | Book | ||||||
| Dewey Decimal Classification | SAU Library | SAU Library | Reference | 23/12/1999 | 633.18 ALR | 27785 | 30/04/2015 | 30/04/2015 | Book | ||||||
| Dewey Decimal Classification | Not For Loan | SAU Library | SAU Library | Reference | 14/07/2000 | 633.18 ALR | 27922 | 03/05/2015 | 03/05/2015 | Book | |||||
| Dewey Decimal Classification | Not For Loan | SAU Library | SAU Library | Reference | 08/05/2015 | 633.18 ALR | 32100 | 08/05/2015 | 08/05/2015 | Book | |||||
| Dewey Decimal Classification | Not For Loan | SAU Library | SAU Library | Reference | 13/07/1978 | 633.18 ALR | 771 | 09/05/2015 | 09/05/2015 | Book | |||||
| Dewey Decimal Classification | Not For Loan | SAU Library | SAU Library | Reference | 11/10/2006 | 633.18 ALR | 32099 | 09/05/2015 | 09/05/2015 | Book | Reference | ||||
| Dewey Decimal Classification | Not For Loan | SAU Library | SAU Library | Reference | 11/10/2006 | 633.18 ALR | 32104 | 09/05/2015 | 09/05/2015 | Book | Reference | ||||
| Dewey Decimal Classification | Not For Loan | SAU Library | SAU Library | Reference | 11/10/2006 | 633.18 ALR | 32094 | 09/05/2015 | 09/05/2015 | Book | Reference | ||||
| Dewey Decimal Classification | Not For Loan | SAU Library | SAU Library | Reference | 11/10/2006 | 633.18 ALR | 32102 | 09/05/2015 | 09/05/2015 | Book | Reference | ||||
| Dewey Decimal Classification | Not For Loan | SAU Library | SAU Library | Reference | 11/10/2006 | 633.18 ALR | 32095 | 09/05/2015 | 09/05/2015 | Book | Reference | ||||
| Dewey Decimal Classification | Not For Loan | SAU Library | SAU Library | Reference | 11/10/2006 | 633.18 ALR | 32098 | 09/05/2015 | 09/05/2015 | Book | Reference | ||||
| Dewey Decimal Classification | Not For Loan | SAU Library | SAU Library | Reference | 11/10/2006 | 633.18 ALR | 32101 | 29/05/2025 | 09/05/2015 | Book | Reference | ||||
| Dewey Decimal Classification | Not For Loan | SAU Library | SAU Library | Reference | 11/10/2006 | 633.18 ALR | 32092 | 09/05/2015 | 09/05/2015 | Book | Reference | ||||
| Dewey Decimal Classification | Not For Loan | SAU Library | SAU Library | Reference | 11/10/2006 | 633.18 ALR | 32096 | 09/05/2015 | 09/05/2015 | Book | Reference | ||||
| Dewey Decimal Classification | Not For Loan | SAU Library | SAU Library | Reference | 11/10/2006 | 633.18 ALR | 32097 | 10/05/2015 | 10/05/2015 | Book | Reference | ||||
| Dewey Decimal Classification | Not For Loan | SAU Library | SAU Library | Reference | 10/05/2015 | 633.18 ALR | 762(D) | 10/05/2015 | 10/05/2015 | Book | Reference |
